Líbánky v Římě : klidně i bez ženicha /
Román pro ženy o krachu slibované lásky, která měla původně vyvrcholit na líbánkách v Římě. Starobylé a okouzlující město však přesto dá hlavní hrdince novou šanci...
Uloženo v:
| Hlavní autor: | |
|---|---|
| Médium: | E-kniha |
| Jazyk: | Czech |
| Vydáno: |
Praha :
Fortuna Libri,
2026
|
| Vydání: | První vydání |
| Témata: | |
| Tagy: |
Žádné tagy |
| LEADER | 02267nam a2200397 i 4500 | ||
|---|---|---|---|
| 001 | 301502 | ||
| 003 | CZ PrSKC | ||
| 005 | 20260430063208.0 | ||
| 007 | ta | ||
| 008 | 260428s2026 xr g 000 f cze | ||
| 015 | |a cnb003754695 | ||
| 020 | |a 9788075467041 |q (brožováno) | ||
| 040 | |a ABG001 |b cze |e rda | ||
| 072 | 7 | |a 821.162.3-3 |x Česká próza |2 Konspekt | |
| 080 | |a 821.162.3-31 |2 MRF | ||
| 080 | |a (0:82-312.5) |2 MRF | ||
| 100 | 1 | |a Kellerová, Irena, |d 1976- |7 mzk2003181791 |4 aut | |
| 245 | 1 | 0 | |a Líbánky v Římě : |b klidně i bez ženicha / |c Irena Kellerová |
| 246 | 3 | 0 | |a Klidně i bez ženicha |
| 250 | |a První vydání | ||
| 264 | 1 | |a Praha : |b Fortuna Libri, |c 2026 | |
| 300 | |a 191 stran ; |c 20 cm | ||
| 336 | |a text |b txt |2 rdacontent | ||
| 337 | |a bez média |b n |2 rdamedia | ||
| 338 | |a svazek |b nc |2 rdacarrier | ||
| 520 | 2 | |a Román pro ženy o krachu slibované lásky, která měla původně vyvrcholit na líbánkách v Římě. Starobylé a okouzlující město však přesto dá hlavní hrdince novou šanci... |b Magda měla všechno, o čem kdy snila. Lásku a na obzoru líbánky v Římě. Jenže všechno se zhroutí jako špatně upečený svatební dort. Co teď? Konec? A měla by se vzdát úplně všeho? Samozřejmě že ne. Vzhůru do Říma! Co na tom, že bez ženicha. Slunce, památky a dobré víno jsou na zradu ten nejlepší lék. A kdyby ani to nestačilo, co takhle domýšlivý, ale neskutečně přitažlivý muž, který ji dokáže naštvat i okouzlit během jediné věty? Nakladatelská anotace. | |
| 655 | 7 | |a české romány |7 fd133974 |2 czenas | |
| 655 | 7 | |a milostné romány |7 fd132840 |2 czenas | |
| 655 | 9 | |a Czech fiction |2 eczenas | |
| 655 | 9 | |a love novels |2 eczenas | |
| 710 | 2 | |a Fortuna Libri (nakladatelství) |7 xx0068042 |4 pbl | |
| 900 | |a ABG001 |b 18 | ||
| 044 | |a xr | ||
| 910 | |a RBIT002 | ||
| 998 | |d 426141 |a https://core.palmknihy.cz/api/books/426141/cover?td7tqu |b https://core.palmknihy.cz/api/books/426141/cover/400?td7tqu |c https://core.palmknihy.cz/api/books/426141/cover/50?td7tqu |e 2032-10-02 |g 192 |i 9788075467041 |j https://core.palmknihy.cz/api/books/426141/preview.epub |k https://core.palmknihy.cz/api/books/426141/preview.pdf |l |q 49 |r 1 |s https://www.palmknihy.cz/kniha/426141 |t ebook |y 2026 |z 0 | ||
| 999 | |d 301500 | ||